The mammals of Connecticut / (Record no. 27223)
[ view plain ]
| 000 -LEADER | |
|---|---|
| fixed length control field | 01014cam a22002771a 4500 |
| 001 - CONTROL NUMBER | |
| control field | gs 35000279 |
| 003 - CONTROL NUMBER IDENTIFIER | |
| control field | DLC |
| 005 - DATE AND TIME OF LATEST TRANSACTION | |
| control field | 20260227111340.0 |
| 008 - FIXED-LENGTH DATA ELEMENTS--GENERAL INFORMATION | |
| fixed length control field | 750513s1935 ctuabf b s001 0 eng c |
| 010 ## - LIBRARY OF CONGRESS CONTROL NUMBER | |
| LC control number | gs 35000279 |
| 035 ## - SYSTEM CONTROL NUMBER | |
| System control number | (OCoLC)1330387 |
| 040 ## - CATALOGING SOURCE | |
| Original cataloging agency | U.S. Geol. Survey. Libr. |
| Transcribing agency | Ct |
| Modifying agency | OCoLC |
| -- | CSfA |
| -- | DLC |
| 042 ## - AUTHENTICATION CODE | |
| Authentication code | premarc |
| 043 ## - GEOGRAPHIC AREA CODE | |
| Geographic area code | n-us-ct |
| 050 00 - LIBRARY OF CONGRESS CALL NUMBER | |
| Classification number | QL719.G8 |
| Item number | G6 |
| 082 ## - DEWEY DECIMAL CLASSIFICATION NUMBER | |
| Classification number | 599.09746 |
| 100 1# - MAIN ENTRY--PERSONAL NAME | |
| Personal name | Goodwin, George Gilbert. |
| 245 14 - TITLE STATEMENT | |
| Title | The mammals of Connecticut / |
| Statement of responsibility, etc. | by George Gilbert Goodwin. |
| 260 ## - PUBLICATION, DISTRIBUTION, ETC. | |
| Place of publication, distribution, etc. | Hartford : |
| Name of publisher, distributor, etc. | State Geological and Natural History Survey, |
| Date of publication, distribution, etc. | 1935. |
| 300 ## - PHYSICAL DESCRIPTION | |
| Extent | 221, v p., 33 p. of plates : |
| Other physical details | ill., maps ; |
| Dimensions | 23 cm. |
| 490 1# - SERIES STATEMENT | |
| Series statement | Bulletin / State Geological and Natural History Survey ; |
| Volume/sequential designation | no. 53 |
| 440 #0 - SERIES STATEMENT/ADDED ENTRY--TITLE | |
| Title | State of Connecticut public document ; |
| Volume/sequential designation | no. 47 |
| 504 ## - BIBLIOGRAPHY, ETC. NOTE | |
| Bibliography, etc. note | Includes bibliographical references (p. 214) and indexes. |
| 650 #0 - SUBJECT ADDED ENTRY--TOPICAL TERM | |
| Topical term or geographic name entry element | Mammals |
| Geographic subdivision | Connecticut. |
| 830 #0 - SERIES ADDED ENTRY--UNIFORM TITLE | |
| Uniform title | Bulletin (State Geological and Natural History Survey of Connecticut) ; |
| Volume/sequential designation | 53. |
No items available.